Garrotxa, Empordà, Gironés, Selva / (Record no. 176201)

MARC details
000 -LEADER
campo de control de longitud fija 00689nam a22002175i 4500
001 - NÚMERO DE CONTROL
campo de control 176201
003 - IDENTIFICADOR DE NÚMERO DE CONTROL
campo de control ES-MaACL
005 - FECHA Y HORA DE LA ÚLTIMA TRANSACCIÓN
campo de control 20230906220022.0
008 - DATOS DE LONGITUD FIJA--INFORMACIÓN GENERAL
campo de control de longitud fija 101223s1968 sp o |||| | cat d
080 ## - NÚMERO DE LA CLASIFICACIÓN DECIMAL UNIVERSAL
Número de la Clasificación Decimal Universal 908(460.23)
100 1# - ENTRADA PRINCIPAL--NOMBRE DE PERSONA
Nombre de persona Vicente, Josep.
9 (RLIN) 144496
245 10 - MENCIÓN DEL TÍTULO
Título Garrotxa, Empordà, Gironés, Selva /
Mención de responsabilidad, etc. Josep Vicente, Ferran Bosch.
260 ## - PUBLICACIÓN, DISTRIBUCIÓN, ETC.
Lugar de publicación, distribución, etc. Barcelona :
Nombre del editor, distribuidor, etc. Tàber,
Fecha de publicación, distribución, etc. D. L. 1968.
300 ## - DESCRIPCIÓN FÍSICA
Extensión 242, [43] p. :
Otras características físicas fot. bl. y n. ;
Dimensiones 24 cm.
490 1# - MENCIÓN DE SERIE
Mención de serie Catalunya Visió ;
Designación de volumen o secuencia 5
651 #4 - PUNTO DE ACCESO ADICIONAL DE MATERIA--NOMBRE GEOGRÁFICO
Nombre geográfico Cataluña-
Subdivisión general Descripción.
9 (RLIN) 8009
700 1# - ENTRADA AGREGADA--NOMBRE PERSONAL
Nombre de persona Bosch, Ferran.
9 (RLIN) 144497
830 0# - PUNTO DE ACCESO ADICIONAL DE SERIE-TÍTULO UNIFORME
Título uniforme Catalunya Visió ;
Designación de volumen o secuencia 5
9 (RLIN) 189971
852 ## - LOCALIZACIÓN
Ubicación ES-MaACL
Número de control de estantería E-13874
Encuadernación Olim P-1321
Holdings
Estatus retirado Estado de pérdida Estado de daño No para préstamo Biblioteca de origen Biblioteca actual Ubicación en estantería Fecha de adquisición Fuente de adquisición Total de préstamos Signatura topográfica completa Código de barras Visto por última vez Precio de reemplazo Tipo de ítem Koha
        Biblioteca del Ateneo de Madrid Biblioteca del Ateneo de Madrid Depósito 2 23/12/2010     E-13874 1185051 23/02/2023 23/02/2023 Libro impreso